MARC details
| 000 -BAŞLIK |
| Sabit Uzunlukta Kontrol Alanı |
01341nam a22003377a 4500 |
| 999 ## - SİSTEM KONTROL NUMARALARI (KOHA) |
| Koha Biblionumber |
13320 |
| Koha Biblioitemnumber |
13320 |
| 003 - KONTROL NUMARASI IDENTIFIER |
| Denetim Alanı |
MIRAKIL |
| 005 - SON İŞLEM TARİHİ VE ZAMANI |
| Denetim Alanı |
20211214000614.0 |
| 008 - SABİT-BOY VERİ ELEMANLARI - GENEL BİLGİLER |
| Sabit Uzunlukta Kontrol Alanı |
190529b tu ||||| |||| 00| 0 tur d |
| 040 ## - KATALOGLAMA KAYNAK |
| Orijinal Kataloglama Ajansı |
TR-AnCHP |
| Metne Dönüştürmek Ajansı |
TR-AnCHP |
| 041 ## - DİL KODU |
| Metin / Ses Parça Veya Ayrı Başlığın Dil Kodu |
tur |
| 082 ## - DEWEY ONLU SINIFLANDIRMA NUMARASI |
| Sınıflandırma Numarası |
CHP 324.705651115 |
| Ürün Numarası |
Ç36ç 2019 |
| 090 ## - SINIFLAMA NUMARASI |
| Sınıflama Numarası |
Broşür 534 |
| 110 ## - ANA GİRİŞ - KURUMSAL ADI |
| Giriş Elemanı Olarak Kurumsal Ad Veya Yargı Alanı Adı |
Cumhuriyet Halk Partisi (CHP) |
| 245 10 - BAŞLIK TABLOSU |
| Başlık |
Çubuk'a can gelecek! / |
| Başlığın Kalan |
Derman belediyeciliği |
| Sorumluluk Tablosu, Vb |
Cumhuriyet Halk Partisi. |
| 246 ## - UNVAN FORM VARYING |
| Başlık Doğru / Kısa Başlığı |
2019 Seçimleri |
| 246 ## - UNVAN FORM VARYING |
| Başlık Doğru / Kısa Başlığı |
2019 Yerel Yönetim Seçimleri |
| 246 ## - UNVAN FORM VARYING |
| Başlık Doğru / Kısa Başlığı |
2019 Belediye Seçimleri |
| 260 ## - YAYIN, DAĞITIM, VB |
| Yayın, Dağıtım, Vb Yeri |
Ankara: |
| Yayıncı, Dağıtıcı, Vs Adı |
Cumhuriyet Halk Partisi, |
| Yayın, Dağıtım, Vb Tarihi |
2019. |
| 300 ## - FİZİKSEL TANIM |
| Kapsam |
14 s.: |
| Diğer Fiziksel Ayrıntıları |
rnkl. fotg., çiz.; |
| Boyutlar |
20 sm. |
| 600 #0 - KONU KATMA GİRİŞ - KURUMSAL ADI |
| 9 (RLIN) |
5834 |
| Kişisel Ad |
Kaderoğlu, Can |
| Başlıklar Ve Bir Adla İlişkili Diğer Kelimeler |
CHP Çubuk Belediye Başkan adayı |
| Bir Adıyla İlişkilendirilen Tarihler |
1989- |
| Genel Alt Bölümü |
Propaganda ve ideolojiler |
| Kronolojik Alt Bölümü |
31 Mart 2019 |
| 610 #0 - KONU KATMA GİRİŞ - TOPLANTI ADI |
| 9 (RLIN) |
5196 |
| Giriş Elemanı Olarak Kurumsal Ad Veya Yargı Alanı Adı |
Cumhuriyet Halk Partisi (CHP) |
| Genel Alt Bölüm |
Propaganda ve ideolojiler |
| 610 #0 - KONU KATMA GİRİŞ - TOPLANTI ADI |
| 9 (RLIN) |
5196 |
| Giriş Elemanı Olarak Kurumsal Ad Veya Yargı Alanı Adı |
Cumhuriyet Halk Partisi (CHP) |
| Genel Alt Bölüm |
seçimler, 2019 |
| 650 #0 - KONU KATMA GİRİŞ - TOPİKAL DÖNEM |
| Topikal Süreli Veya Coğrafi Ad Giriş Elemanı |
Siyaset ve yönetim |
| Genel Alt Bölümü |
Türkiye |
| 9 (RLIN) |
9 |
| 650 #0 - KONU KATMA GİRİŞ - TOPİKAL DÖNEM |
| 9 (RLIN) |
771 |
| Topikal Süreli Veya Coğrafi Ad Giriş Elemanı |
Seçimler |
| Genel Alt Bölümü |
Mahalli idare seçimleri |
| Kronolojik Alt Bölümü |
2019 |
| Coğrafi Alt Bölümü |
Türkiye |
| 651 #0 - KONU KATMA GİRİŞ - COĞRAFİ ADI |
| 9 (RLIN) |
5835 |
| Coğrafi İsim |
Çubuk, Ankara |
| Genel Alt Bölümü |
Yerel yönetim seçimleri |
| Kronolojik Alt Bölümü |
31 Mart 2019 |
| 710 ## - KATMA GİRİŞ - KURUMSAL ADI |
| 9 (RLIN) |
5198 |
| Giriş Elemanı Olarak Kurumsal Ad Veya Yargı Alanı Adı |
Cumhuriyet Halk Partisi Yerel Yönetimler Birimi |
| 740 ## - KATMA GİRİŞ - KONTROLSUZ İLGİLİ / ANALİTİK BAŞLIK |
| Kontrol Edilmeyen / İlgili Analitik Başlıktaki |
2019 Seçimleri |
| 740 ## - KATMA GİRİŞ - KONTROLSUZ İLGİLİ / ANALİTİK BAŞLIK |
| Kontrol Edilmeyen / İlgili Analitik Başlıktaki |
2019 Yerel Yönetim Seçimleri |
| 740 ## - KATMA GİRİŞ - KONTROLSUZ İLGİLİ / ANALİTİK BAŞLIK |
| Kontrol Edilmeyen / İlgili Analitik Başlıktaki |
2019 Belediye Seçimleri |
| 942 ## - EKLENDİ GİRİŞ ELEMANLARI (KOHA) |
| Sınıflandırma Veya Raf Düzeni Kaynak |
Dewey Decimal Classification |
| Koha Öğesi Türü |
Visual Material |